000
00351 a2200169 4500
001
191143
020
_a
978-85-7153-334-9
040
_c
Magnum
100
_a
Silva, Mário
240
1
0
_a
Pedro conta-conta
_l
por
245
1
0
_a
Pedro conta-conta
300
_a
28
362
0
_a
2013
440
1
_a
RHJ
697
_a
LITERATURA INFANTIL
942
_c
BK
999
_c
191143
_d
191143